000 01320nam a2200241Ia 4500
003 Ost
005 20260507075223.0
008 260507s9999||||xx |||||||||||||| ||und||
040 _cfsecg
041 _aara
082 _a330
100 _aخنفر، عايد راضي
_eمؤلف
245 0 _aالتلوث البيئي :
_bالهواء، الماء والغذاء /
_c عايد راضي خنفر
260 _aعمان:
_bدار اليازوري,
_c2010
300 _a366 صفحة؛
_bإيضاحات ؛
_c24 سم
504 _aمراجع ص.365
520 _aالبيئة عناصرها و مراحلها ، مراحل التلوث ، الملوثات : حالالتها و مصدرها ،التلوث الاشعاعي ، تقدير تلوث الهواء ، التحكم و السيطرة في ملوثات الهواء ، التلوث المائي و طرق جمع عينات الماء ، التحليل الفيزيائي ــ الكيميائي للمياه ، الكائنات الحية و الاحياء الدقيق في الماء ، الكتلة الحيوية ، دراسة الانتاجية الاولية ، التلوث الغذائي .
653 _aالبيئة
653 _aالتلوث
653 _aالتلوث البيئي
653 _aالتلوث الصناعي
942 _cكتاب
999 _c43528
_d43528